000 00811nam a22002297a 4500
999 _c4940
_d4940
003 AR-CdUCM
008 190311b ||||| |||| 00| 0 spa d
040 _aMUNICIPALIDAD PROVINCIAL DEL CUSCO
_cBIBLIOTECA MUNICIPAL DEL CUSCO
082 _a869.634 /
_bC35
100 _aCastro Saavedra, Carlos
_915149
245 _aEl buque de los enamorados /
260 _aMedellín :
_bHorizonte :
_b[Talleres tipográficos de la editorial Bedout],
_c[s.a]
300 _a36 páginas ;
_c20.5 cm.
440 _aEl arco y la Lira
_n : 1
_915150
500 _aDonación de la familia Nieto.
650 _aPoesía Colombia - Siglo XX
_915151
650 _aPoetas colombianos
_915152
650 _aPoesía colombiana
_910191
650 _aCarlos Castro Saavedra - Poemas
_915153
942 _2ddc
_cLIBROS
945 _alccs